Lore Twenty One Pilots - Les Personnages - Statistiques

Statistiques générales
  • Ce quiz a été pris 11 fois
  • Le résultat moyen est 7 sur 10
Statistiques - réponses
Question Réponse % Correct
Combien y a-t-il de Bishops à Dema (avant les événements de 'City Walls' et la destitution de Nico) ? 9
100%
Quel est le prénom du guépard (cheetah), mentionné dans 'Pet Cheetah' ? Jason Statham
100%
Qui représente Blurryface (et donc les insécurités de Tyler notamment liées au succès) ? Nico
100%
Quelle créature apparait sous l'eau dans le clip de 'Saturday' ? Trash
100%
Quelle est la créature, faisant des allers-retours, que voient les habitants de Dema ? Ces créatures dévorent la mort Vautours
100%
Dans quel album Dema et les Bishops nous ont-ils fait croire que Clancy était mort ? Scaled and Icy
75%
Dans quel clip apparaissent les Banditos pour la première fois (ordre chronologique de visionnage des clips) ? Jumpsuit
63%
Quel nom de Bishop apparait dans les paroles de 'Tear in my heart' ? Sarcarver
38%
Qui anime le talk show 'Good Day Dema' ? Sarcarver et Lisden
25%
Que signifie le nom de NED ? Neuro Expansion Device
13%
Aucun quiz correspondant
Distribution des résultats
% des personnes avec chaque résultat
Percentile par nombre de réponses
Votre historique - résultats
Vous n’avez pas pris ce quiz